Statistics for World Capitals - Most common first 2 letters

Click here to take the quiz!

General Stats

  • This quiz has been taken 492 times
  • The average score is 17 of 38

Answer Stats

ANSWER % Correct
SA
89%
MA
89%
BA
84%
PO
69%
Santiago
60%
Madrid
57%
San José
49%
San Salvador
48%
Bangkok
47%
Santo Domingo
46%
Port-au-Prince
46%
Baghdad
45%
Port Moresby
45%
Bamako
45%
Port-of-Spain
44%
Maputo
43%
Managua
43%
Port Louis
42%
Manila
42%
Manama
42%
San Marino
41%
Saint George's
40%
Porto-Novo
40%
Saint John's
39%
Port Vila
39%
Malé
39%
Bangui
38%
Sana'a
38%
Sarajevo
38%
Baku
37%
Banjul
36%
Sao Tome
36%
Podgorica
34%
Maseru
33%
Malabo
33%
Majuro
32%
Basseterre
31%
Bandar Seri Begawan
29%

Score Distribution

Percentile by Number Answered

Percent of People with Each Score

Your Score History

You have not taken this quiz